| 000 | 00414nam a2200169Ia 4500 | ||
|---|---|---|---|
| 005 | 20250423100301.0 | ||
| 008 | 250422s9999 xx 000 0 und d | ||
| 020 | _a0-13-436033-8 | ||
| 050 | _aBL 311 .M98/ | ||
| 245 | 0 | _aMyths and legends from ancient Greece and around the world | |
| 260 | _aNew Jersey | ||
| 260 | _bPrentice Hall | ||
| 260 | _c2000 | ||
| 300 | _a153 p | ||
| 650 | _aHistory | ||
| 942 | _cBK | ||
| 999 |
_c32835 _d32835 |
||